[Event "NOR-ch Elite 2019"]
[Site "Larvik"]
[Date "2019.07.12"]
[Round "8.12"]
[White "Moen, Andreas G.R."]
[Black "Ingebretsen, Jens E"]
[Result "1/2-1/2"]
[WhiteElo "2322"]
[BlackElo "2276"]
[Annotator "NA"]
[PlyCount "145"]
[EventDate "2019.07.05"]
[EventType "swiss"]
[EventCountry "NOR"]
[SourceTitle "playchess.com"]
[Source "ChessBase"]
[SourceQuality "1"]
[TimeControl "40/5400+30:1800+30"]

1. e4 {[%emt 0:04:47]} c5 {[%emt 0:06:10]} 2. Nf3 {[%emt 0:00:00]} e6 {[%emt 0:00:05]} 3. d4 {[%emt 0:00:00]} cxd4 {[%emt 0:00:06]} 4. Nxd4 {[%emt 0:00:00]} Nc6 {[%emt 0:00:06]} 5. Nc3 {[%emt 0:00:00]} Qc7 {[%emt 0:00:05]} 6. Be3 {[%emt 0:00:00]} a6 {[%emt 0:00:05]} 7. Qd2 {[%emt 0:00:00]} Nf6 {[%emt 0:00:06]} 8. O-O-O {[%emt 0:00:00]} b5 {[%emt 0:02:27]} 9. Bf4 {[%emt 0:03:06]} Qb6 {[%emt 0:05:25]} 10. e5 {[%emt 0:05:34]} Qxd4 {[%emt 0:15:18]} 11. Qxd4 {[%emt 0:00:48]} Nxd4 {[%emt 0:00:05]} 12. Rxd4 {[%emt 0:00:39]} Bc5 {[%emt 0:13:23]} 13. Rd2 {[%emt 0:01:54]} Nh5 {[%emt 0:00:05]} 14. Ne4 {[%emt 0:07:19]} Bb4 {[%emt 0:02:56]} 15. Rd4 {[%emt 0:16:26]} Nxf4 {[%emt 0:02:42]} 16. Rxb4 {[%emt 0:00:48]} Nd5 {[%emt 0:04:05]} 17. Rd4 {[%emt 0:05:48]} Ke7 {[%emt 0:01:09]} 18. Nd6 {[%emt 0:00:07]} f6 {[%emt 0:02:03]} 19. f4 {[%emt 0:00:04]} Ra7 {[%emt 0:06:58]} 20. g3 {[%emt 0:12:00]} Rc7 {[%emt 0:08:14]} 21. Bd3 {[%emt 0:04:17]} h5 {[%emt 0:05:10]} 22. Re1 {[%emt 0:13:56]} Nb6 {[%emt 0:07:14]} 23. Be4 {[%emt 0:02:35]} h4 {[%emt 0:02:30]} 24. c3 {[%emt 0:05:49]} hxg3 {[%emt 0:03:29]} 25. hxg3 {[%emt 0:00:01]} Rh3 {[%emt 0:01:59]} 26. Rh1 {[%emt 0:01:06]} Rxh1+ {[%emt 0:01:09]} 27. Bxh1 {[%emt 0:00:01]} Rc5 {[%emt 0:01:51]} 28. Re4 {[%emt 0:04:14]} a5 {[%emt 0:03:35]} 29. a3 {[%emt 0:01:52]} Ba6 {[%emt 0:00:57]} 30. Bg2 {[%emt 0:05:48]} Nc8 {[%emt 0:01:56]} 31. Nxc8+ {[%emt 0:01:21]} Bxc8 {[%emt 0:00:05]} 32. Re3 {[%emt 0:00:23]} b4 {[%emt 0:00:37]} 33. axb4 {[%emt 0:00:37]} axb4 {[%emt 0:00:05]} 34. Kc2 {[%emt 0:00:44]} Ba6 {[%emt 0:02:41]} 35. Kb3 {[%emt 0:04:27]} bxc3 {[%emt 0:00:12]} 36. bxc3 {[%emt 0:00:05]} Rb5+ {[%emt 0:00:46]} 37. Kc2 {[%emt 0:00:56]} Ra5 {[%emt 0:01:23]} 38. Kb3 {[%emt 0:00:18]} Ra1 {[%emt 0:00:22]} 39. Kb4 {[%emt 0:00:54]} Rg1 {[%emt 0:00:49]} 40. Be4 {[%emt 0:00:19]} Rc1 {[%emt 0:00:37]} 41. Kc5 {[%emt 0:04:34]} Bf1 {[%emt 0:02:53]} 42. Bf3 {[%emt 0:08:15]} Rb1 {[%emt 0:04:30]} 43. Kd4 {[%emt 0:00:47]} Rb2 {[%emt 0:01:32]} 44. Re1 {[%emt 0:01:43]} Ba6 {[%emt 0:04:55]} 45. Be4 {[%emt 0:03:44]} Ra2 {[%emt 0:04:00]} 46. c4 {[%emt 0:04:49]} Ra4 {[%emt 0:01:31]} 47. Rc1 {[%emt 0:00:17]} Kd8 {[%emt 0:01:57]} 48. Rc2 {[%emt 0:02:41]} Kc7 {[%emt 0:00:17]} 49. Bd3 {[%emt 0:00:13]} Ra1 {[%emt 0:00:57]} 50. Be4 {[%emt 0:04:38]} Ra4 {[%emt 0:02:29]} 51. Bd3 {[%emt 0:01:00]} Ra1 {[%emt 0:03:56]} 52. Be4 {[%emt 0:00:04]} Rd1+ {[%emt 0:01:45]} 53. Kc5 {[%emt 0:00:13]} fxe5 {[%emt 0:01:35]} 54. fxe5 {[%emt 0:00:15]} Re1 {[%emt 0:00:27]} 55. Kd4 {[%emt 0:00:54]} Bb7 {[%emt 0:04:32]} 56. Bxb7 {[%emt 0:00:28]} Kxb7 {[%emt 0:00:10]} 57. Rf2 {[%emt 0:00:53]} Kc6 {[%emt 0:00:21]} 58. Rf7 {[%emt 0:00:14]} Rd1+ {[%emt 0:00:24]} 59. Ke4 {[%emt 0:01:49]} g5 {[%emt 0:01:17]} 60. Rg7 {[%emt 0:00:13]} Kc5 {[%emt 0:00:35]} 61. Rxg5 {[%emt 0:00:17]} Rd4+ {[%emt 0:00:37]} 62. Ke3 {[%emt 0:01:42]} Rxc4 {[%emt 0:00:14]} 63. Rg7 {[%emt 0:00:22]} Kc6 {[%emt 0:00:41]} 64. g4 {[%emt 0:00:12]} Kd5 {[%emt 0:00:42]} 65. Rxd7+ {[%emt 0:00:26]} Kxe5 {[%emt 0:00:05]} 66. Kf3 {[%emt 0:01:21]} Rc3+ {[%emt 0:00:08]} 67. Kf2 {[%emt 0:00:33]} Ke4 {[%emt 0:00:32]} 68. Ra7 {[%emt 0:00:38]} e5 {[%emt 0:00:28]} 69. Ra4+ {[%emt 0:00:27]} Kd3 {[%emt 0:00:09]} 70. Kf3 {[%emt 0:00:28]} Rc1 {[%emt 0:00:38]} 71. Ra3+ {[%emt 0:00:26]} Kd4 {[%emt 0:00:07]} 72. Ra4+ {[%emt 0:00:06]} Kd3 {[%emt 0:00:04]} 73. Ra3+ {[%emt 0:00:08]} 1/2-1/2

[Event "NOR-ch Elite 2019"]
[Site "Larvik"]
[Date "2019.07.13"]
[Round "9.1"]
[White "Hammer, Jon Ludvig"]
[Black "Notkevich, Benjamin Arvola"]
[Result "1-0"]
[WhiteElo "2637"]
[BlackElo "2497"]
[Annotator "TA"]
[PlyCount "125"]
[EventDate "2019.07.05"]
[EventType "swiss"]
[EventCountry "NOR"]
[SourceTitle "playchess.com"]
[Source "ChessBase"]
[SourceQuality "1"]

{[%evp 9,125,0,0,0,0,0,0,0,0,0,-3,0,19,4,4,12,12,6,9,8,4,12,108,71,166,45,201,202,190,197,199,193,192,203,207,207,191,200,203,201,218,199,197,208,207,193,207,207,200,191,202,196,193,170,254,254,264,202,183,160,208,190,199,192,278,197,191,195,236,225,268,253,366,350,306,181,185,188,188,186,212,188,259,200,249,229,371,253,914,919,918,889,806,765,1440,1426,29965,29967,29971,29972,29972,29971,29971,29972,29976,29977,29977,29975,29975,29975,29975,29976,29976,29977,29975,29971,29982,29983]} 1. d4 Nf6 2. c4 e6 3. Nc3 Bb4 4. f3 c5 5. d5 b5 6. e4 {E20: Nimzo-Indian: 4 g3 and 4 f3} O-O 7. e5 Ne8 8. f4 {The position is equal.} d6 9. Nf3 exd5 10. cxd5 Bb7 $146 ({Predecessor:} 10... Nc7 11. a4 Bb7 12. Bd3 h6 13. O-O c4 14. Bb1 dxe5 15. fxe5 Nxd5 16. Nxb5 {1-0 (36) Mamedyarov,S (2799)-Le,Q (2737) Huaian 2017}) 11. Bd3 $36 {[%mdl 2048] [#] Bxh7+! is the strong threat. White has the initiative.} dxe5 12. fxe5 Qxd5 13. O-O Bxc3 $1 14. bxc3 c4 15. Bc2 Nc7 (15... Qxd1 $11 {keeps the balance.} 16. Rxd1 Nc7) 16. Qe1 $16 {Black must now prevent Qh4.} Ne6 (16... Nd7 $16) 17. Qh4 (17. Ba3 $18) 17... g6 $2 ({Black should play} 17... Qc5+ $1 $14 18. Kh1 g6) 18. Ba3 $18 {aiming for Rad1.} Qd8 19. Bxf8 Qxh4 20. Nxh4 Nxf8 21. Rfb1 Bc6 22. a4 bxa4 23. Bxa4 Nfd7 24. Nf3 Be4 25. Rd1 Bd3 26. Re1 {Strongly threatening e6.} Nc5 27. Bb5 a5 28. Nd4 Nbd7 29. e6 fxe6 30. Nxe6 Ra7 31. Nf4 Nf6 (31... Kf7 $142 32. Re3 a4) 32. Re5 Nce4 33. Ra3 Nd6 34. Ba4 Rb7 35. h3 Nfe4 36. Bc6 Rb1+ 37. Kh2 Nd2 38. Rexa5 Nf1+ 39. Kg1 Nd2+ 40. Kf2 Rf1+ (40... Rb6 $142) 41. Ke3 {[%mdl 64] [#] Double Attack} Nb1 42. Nxd3 (42. Ra8+ $142 Kg7 43. R3a7+ (43. Nxd3 Nf5+ 44. Ke4 Nxa3 $16) 43... Kh6 44. g4 (44. Nxd3 Nf5+ 45. Ke4 Nxc3+ 46. Ke5 cxd3 $16)) 42... Nxa3 43. Rxa3 {And now Ne5 would win.} cxd3 44. Kxd3 {[%mdl 4096] Endgame KRB-KRN} Kg7 45. Ra7+ Rf7 (45... Kh6 $142 46. Bf3 Rc1) 46. Ra6 h5 47. c4 g5 (47... Rf1 $142 48. c5 Nf5) 48. Bf3 Nb7 $2 (48... g4) 49. Bxb7 Rxb7 {KR-KR} 50. Ra2 Kf6 51. Re2 g4 52. hxg4 hxg4 53. c5 {[%cal Bc4c5,Bc5c6][%mdl 32] White mates.} Kf5 54. Kc4 Rb1 55. c6 Rc1+ 56. Kb5 Kf4 57. Kb6 Rb1+ 58. Ka7 Ra1+ 59. Kb7 Rb1+ 60. Kc8 Kf5 61. c7 Kf6 62. Re4 Kf5 63. Rc4 {Accuracy: White = 83%, Black = 45%.} 1-0

[Event "NOR-ch Elite 2019"]
[Site "Larvik"]
[Date "2019.07.13"]
[Round "9.2"]
[White "Lie, Kjetil A."]
[Black "Tari, Aryan"]
[Result "1/2-1/2"]
[WhiteElo "2538"]
[BlackElo "2620"]
[Annotator "TA"]
[PlyCount "66"]
[EventDate "2019.07.05"]
[EventType "swiss"]
[EventCountry "NOR"]
[SourceTitle "playchess.com"]
[Source "ChessBase"]
[SourceQuality "1"]

{[%evp 11,66,0,0,11,14,0,0,0,0,-41,-26,-33,-13,-27,-12,-20,-12,-39,-28,-28,-35,-36,-19,-19,-19,-17,-19,-19,-19,-19,-20,-20,-23,-23,-23,-20,-20,-22,-25,-25,-19,-23,75,58,58,0,9,9,66,58,67,-12,-3,-3,-2,-6,-6]} 1. c4 Nf6 2. Nc3 e5 3. e3 Bb4 4. Nge2 O-O 5. a3 Be7 6. d4 exd4 7. Qxd4 {A22: English Opening: 1...e5 2 Nc3 Nf6} Re8 $146 ({Predecessor:} 7... Nc6 8. Qd1 Ne5 9. Nf4 c6 10. Be2 Ng6 11. Nh5 Nxh5 12. Bxh5 d6 13. O-O Be6 14. b3 Bf6 {½-½ (55) Carlsen,M (2837)-Grigoriants,S (2561) Riadh 2017}) 8. Ng3 Nc6 9. Qd1 g6 10. b4 Bf8 11. Bb2 d6 12. Be2 h5 13. h3 Bg7 14. Qd2 a5 15. b5 Ne5 16. Rd1 h4 17. Nge4 Nxe4 18. Nxe4 Bf5 19. Nc3 Be6 20. Nd5 c6 21. bxc6 bxc6 22. Nf4 Bxc4 23. Bxe5 $1 Bxe5 24. Bxc4 Bxf4 $1 25. O-O Be5 {Threatens to win with ...d5.} 26. f4 d5 (26... Bg7 $11 {keeps the balance.} 27. Qxd6 Qxd6 28. Rxd6 Rxe3) 27. fxe5 $16 {Hoping for Qc3.} dxc4 {[#]} 28. Qc3 (28. e6 $1 $14 {[%mdl 512]} fxe6 (28... Rxe6 29. Qxd8+) 29. Qc3) 28... Qg5 29. Rd7 Re7 ({Black should try} 29... Qxe5 $11 30. Qxc4 Qxe3+ 31. Kh2 Qe5+ 32. Kh1 Qe6 33. Qxe6 Rxe6) 30. Rxe7 $14 Qxe7 31. Qxc4 (31. Rf6 $1 $14) 31... Rf8 {The position is equal.} 32. Rf6 {[#] Black must now prevent Rxg6+.} Kg7 33. Qc3 Re8 {Accuracy: White = 72%, Black = 59%.} 1/2-1/2

[Event "NOR-ch Elite 2019"]
[Site "Larvik"]
[Date "2019.07.13"]
[Round "9.4"]
[White "Christiansen, Johan-Sebastian"]
[Black "Urkedal, Frode Olav Olsen"]
[Result "1/2-1/2"]
[WhiteElo "2548"]
[BlackElo "2566"]
[Annotator "TA"]
[PlyCount "29"]
[EventDate "2019.07.05"]
[EventType "swiss"]
[EventCountry "NOR"]
[SourceTitle "playchess.com"]
[Source "ChessBase"]
[SourceQuality "1"]

{[%evp 17,29,19,30,21,26,0,12,12,17,11,2,6,12,10]} 1. d4 Nf6 2. c4 e6 3. Nc3 d5 4. cxd5 exd5 5. Bg5 c6 6. e3 Be7 7. Bd3 Nbd7 8. Qc2 h6 9. Bh4 Nh5 10. Bxe7 {D36: Queen's Gambit Declined: Exchange Variation: Main line (5 Bg5 c6 6 Qc2)} Qxe7 11. Nf3 (11. O-O-O Nb6 12. Nf3 Nf6 13. Kb1 Be6 14. Ka1 O-O-O 15. Na4 Kb8 16. Rc1 Rhe8 17. Nc5 Bc8 {1-0 (50) Nepomniachtchi,I (2757)-Nisipeanu,L (2672) Dortmund 2018}) 11... Nf4 {The position is equal.} 12. Bf1 Ne6 13. Be2 O-O $146 ({Predecessor:} 13... Ng5) 14. O-O Ng5 15. Nxg5 1/2-1/2

[Event "NOR-ch Elite 2019"]
[Site "Larvik"]
[Date "2019.07.13"]
[Round "9.5"]
[White "Haldorsen, Benjamin"]
[Black "Kaasen, Tor Fredrik"]
[Result "1-0"]
[WhiteElo "2444"]
[BlackElo "2376"]
[Annotator "TA"]
[PlyCount "73"]
[EventDate "2019.07.05"]
[EventType "swiss"]
[EventCountry "NOR"]
[SourceTitle "playchess.com"]
[Source "ChessBase"]
[SourceQuality "1"]

{[%evp 11,73,-4,-6,0,28,25,27,12,74,50,106,118,99,106,124,93,271,284,306,289,285,290,286,275,270,279,274,276,262,274,276,272,284,243,295,246,247,245,228,147,147,147,147,145,345,321,362,289,266,316,473,469,474,449,797,791,999,875,833,826,3137,2459,12833,6085]} 1. e4 c5 2. Nc3 d6 3. f4 Nc6 4. Nf3 g6 5. Bc4 Bg7 6. O-O e6 7. d4 {B23: Closed Sicilian: Lines without g3} Nxd4 (7... cxd4 8. Nb5 Nge7 9. Bb3 O-O 10. Nbxd4 Nxd4 11. Nxd4 a6 12. c3 b5 13. Be3 Qc7 14. Qd2 e5 15. fxe5 dxe5 {½-½ (50) Grischuk,A (2767)-Nepomniachtchi,I (2751) Moscow 2018}) 8. Be3 {[%cal Rf3d4]} Qb6 9. e5 {[%cal Rf3d4] White has an edge.} dxe5 $146 (9... Nxf3+ $11 10. Rxf3 (10. Qxf3 d5 $15) 10... d5) ({Predecessor:} 9... Nxf3+ 10. Rxf3 d5 11. Bb5+ Kf8 12. b4 d4 13. bxc5 Qc7 14. Qxd4 Ne7 {1-0 (27) Halilovic,F (2055)-Mrndjic,M (2249) Bosanska Krupa 2018}) 10. fxe5 $16 {[%cal Rf3d4]} Ne7 (10... Nh6 $14) 11. Nxd4 cxd4 12. Bxd4 Qd8 13. Ne4 $36 {[%mdl 2048] Nd6+ is the strong threat. White is really pushing.} Nf5 $2 {[#]} (13... O-O $16 {was necessary.}) 14. Rxf5 $1 $18 {[%mdl 512]} gxf5 (14... exf5 15. Nd6+) 15. Bb5+ Bd7 16. Nd6+ {[%mdl 64] Double Attack} Kf8 17. Nxb7 Qc7 18. Bc5+ Kg8 19. Qxd7 Qxd7 20. Bxd7 Bxe5 21. c3 Kg7 22. Re1 Kf6 23. a4 Rab8 24. Bc6 Rhc8 25. Bf3 ({Don't play} 25. Bxa7 $6 Rxc6 26. Bxb8 Bxb8 $16) 25... Rxb7 {[#]} 26. Rxe5 $1 {[%mdl 64] Remove Defender} ({And not} 26. Bxb7 Rxc5 27. Ba6 Ra5 $15) 26... Kxe5 27. Bd4+ Kf4 $2 (27... Kd6 $16 28. Bxb7 Rb8) 28. Bxb7 Rb8 29. g3+ Kg4 30. h3+ {[%mdl 64] Decoy} Kxh3 {[#]} (30... Kg5 {was called for.}) 31. Bg2+ $1 {White is clearly winning.} Kg4 32. b4 {[%cal Bb2b4,Bb4b5,Bb5b6][%mdl 32]} Rd8 (32... a6 $142 33. Bc6 f4) 33. b5 Kxg3 34. Bf2+ Kf4 35. Bxa7 Rd1+ 36. Kh2 e5 37. b6 {Accuracy: White = 85%, Black = 32%.} 1-0

[Event "NOR-ch Elite 2019"]
[Site "Larvik"]
[Date "2019.07.13"]
[Round "9.6"]
[White "Elsness, Frode"]
[Black "Mihajlov, Sebastian"]
[Result "1-0"]
[WhiteElo "2436"]
[BlackElo "2375"]
[Annotator "TA"]
[PlyCount "43"]
[EventDate "2019.07.05"]
[EventType "swiss"]
[EventCountry "NOR"]
[SourceTitle "playchess.com"]
[Source "ChessBase"]
[SourceQuality "1"]

{[%evp 11,43,17,27,25,106,87,114,117,121,114,149,139,120,145,258,256,258,237,244,247,229,249,253,246,249,244,1178,333,325,334,837,825,800,785]} 1. d4 d5 2. c4 c6 3. cxd5 cxd5 4. Bf4 Nc6 5. e3 Nf6 6. Nc3 Bg4 7. Qb3 {D10: Slav Defence: 3 cxd5 (without early Nf3) and 3 Nc3} (7. Be2 Bxe2 8. Qxe2 e6 9. Nf3 Be7 10. O-O O-O 11. Rfc1 Rc8 12. Ne5 Nxe5 13. Bxe5 Nd7 14. Bg3 Rc6 {½-½ (30) Iturrizaga Bonelli,E (2636)-Dreev,A (2649) Bastia 2018}) 7... Qd7 (7... Na5 $1 $11 {keeps the balance.} 8. Qc2 e6) 8. h3 $1 $16 {[%cal Rh3g4]} Bh5 9. g4 $1 {[%cal Rg4h5] White is better.} Bg6 10. Nf3 e6 11. Ne5 $1 {[%cal Re5d7]} Qc8 12. h4 Nd7 $146 (12... Nxe5 $16 {keeps fighting.} 13. dxe5 Nd7) ({Predecessor:} 12... Nxe5 13. dxe5 Nd7 14. h5 Be4 15. Nxe4 dxe4 {1-0 (36) Buczinski,H (2204)-Beltins,G (1960) ICCF email 2015}) 13. Nxc6 $18 bxc6 14. h5 Be4 15. Nxe4 dxe4 16. Rc1 e5 17. Bxe5 (17. dxe5 Rb8 $14) 17... Nxe5 18. dxe5 Qxg4 $2 (18... Qb8 19. Bg2 (19. Rxc6 Qxb3 20. axb3 Bb4+ 21. Ke2 Rd8 $18) 19... Qxb3 20. axb3 Rd8) 19. Qa4 $2 (19. Bh3 Qf3 20. Bd7+ $1 {[%mdl 576] Double Attack} Kd8 21. Rh3) 19... Qd7 20. Rxc6 Rb8 $2 {[#]} (20... a6 21. Bxa6 Be7 22. Qxe4 Rd8) 21. Rc8+ $3 {[%mdl 576] Deflection} Rxc8 {[#]} 22. Bb5 $1 {Accuracy: White = 82%, Black = 29%.} 1-0

[Event "NOR-ch Elite 2019"]
[Site "Larvik"]
[Date "2019.07.13"]
[Round "9.7"]
[White "Stokke, Kjetil"]
[Black "Ranaldi, Lucas"]
[Result "1/2-1/2"]
[WhiteElo "2336"]
[BlackElo "2262"]
[Annotator "ChessBase"]
[PlyCount "83"]
[EventDate "2019.07.05"]
[EventType "swiss"]
[EventCountry "NOR"]
[SourceTitle "playchess.com"]
[Source "ChessBase"]
[SourceQuality "1"]
[TimeControl "40/5400+30:1800+30"]

1. e4 {[%emt 0:00:00]} c6 {[%emt 0:03:26]} 2. d4 {[%emt 0:00:00]} d5 {[%emt 0:00:05]} 3. e5 {[%emt 0:00:00]} Bf5 {[%emt 0:00:05]} 4. Nf3 {[%emt 0:00:00]} e6 {[%emt 0:00:03]} 5. Be2 {[%emt 0:00:00]} Nd7 {[%emt 0:05:06]} 6. O-O {[%emt 0:01:02]} Bg6 {[%emt 0:00:19]} 7. Nbd2 {[%emt 0:00:10]} Nh6 {[%emt 0:00:17]} 8. Nb3 {[%emt 0:00:27]} Nf5 {[%emt 0:00:17]} 9. Bd2 {[%emt 0:01:31]} Be7 {[%emt 0:00:29]} 10. g4 {[%emt 0:00:09]} Nh4 {[%emt 0:00:37]} 11. Nxh4 {[%emt 0:00:04]} Bxh4 {[%emt 0:00:10]} 12. f4 {[%emt 0:00:05]} f5 {[%emt 0:23:03]} 13. exf6 {[%emt 0:00:23]} Bxf6 {[%emt 0:06:57]} 14. Bd3 {[%emt 0:10:19]} Bxd3 {[%emt 0:01:06]} 15. cxd3 {[%emt 0:00:16]} g6 {[%emt 0:07:47]} 16. Qe2 {[%emt 0:07:54]} Kf7 {[%emt 0:01:21]} 17. f5 {[%emt 0:11:11]} exf5 {[%emt 0:01:22]} 18. gxf5 {[%emt 0:00:23]} Re8 {[%emt 0:00:28]} 19. Qg4 {[%emt 0:00:40]} b6 {[%emt 0:04:48]} 20. Kh1 {[%emt 0:11:03]} Kg7 {[%emt 0:03:45]} 21. fxg6 {[%emt 0:02:56]} hxg6 {[%emt 0:00:14]} 22. Rg1 {[%emt 0:00:22]} Nf8 {[%emt 0:00:52]} 23. Qh5 {[%emt 0:04:20]} Kf7 {[%emt 0:03:27]} 24. Qf3 {[%emt 0:06:14]} Re6 {[%emt 0:05:13]} 25. Raf1 {[%emt 0:02:43]} Qe7 {[%emt 0:03:53]} 26. Qg4 {[%emt 0:06:23]} Kg8 {[%emt 0:02:29]} 27. Bh6 {[%emt 0:02:37]} Bg7 {[%emt 0:02:20]} 28. Bg5 {[%emt 0:00:04]} Qd7 {[%emt 0:00:30]} 29. Nd2 {[%emt 0:02:13]} Rae8 {[%emt 0:00:33]} 30. Nf3 {[%emt 0:03:24]} Re2 {[%emt 0:01:06]} 31. Qh4 {[%emt 0:00:25]} Rxb2 {[%emt 0:13:33]} 32. Ne5 {[%emt 0:01:25]} Bxe5 {[%emt 0:00:20]} 33. dxe5 {[%emt 0:00:10]} d4 {[%emt 0:04:13]} 34. Rg3 {[%emt 0:02:45]} Qd5+ {[%emt 0:03:01]} 35. Kg1 {[%emt 0:00:15]} Rxe5 {[%emt 0:00:53]} 36. Rxf8+ {[%emt 0:08:52]} Kxf8 {[%emt 0:00:03]} 37. Qh8+ {[%emt 0:00:12]} Kf7 {[%emt 0:00:16]} 38. Qh7+ {[%emt 0:01:39]} Ke8 {[%emt 0:00:30]} 39. Qh8+ {[%emt 0:00:25]} Kf7 {[%emt 0:00:43]} 40. Qh7+ {[%emt 0:04:01]} Ke8 {[%emt 0:00:22]} 41. Qh8+ {[%emt 0:30:04]} Kf7 {[%emt 0:30:18]} 42. Qh7+ {[%emt 0:00:06]} 1/2-1/2

[Event "NOR-ch Elite 2019"]
[Site "Larvik"]
[Date "2019.07.13"]
[Round "9.8"]
[White "Skrondal, Inge Sandstad"]
[Black "Getz, Nicolai"]
[Result "0-1"]
[WhiteElo "2312"]
[BlackElo "2377"]
[Annotator "TA"]
[PlyCount "68"]
[EventDate "2019.07.05"]
[EventType "swiss"]
[EventCountry "NOR"]
[SourceTitle "playchess.com"]
[Source "ChessBase"]
[SourceQuality "1"]

{[%evp 9,68,51,48,51,57,53,65,56,51,43,70,52,53,52,53,37,38,43,62,37,37,7,14,22,20,-41,-50,-46,-41,-47,-28,-66,-35,-75,-66,-68,-49,-93,-96,-139,-125,-166,-154,-133,-134,-126,-130,-123,-91,-153,-137,-132,-130,-253,-246,-410,-339,-586,-602,-595,-562]} 1. d4 d6 2. c4 e5 3. d5 f5 4. e4 Nf6 5. exf5 (5. Nc3 g6 6. Bd3 Bg7 7. exf5 gxf5 8. Qc2 Qd7 9. Nh3 Na6 10. a3 Nc5 11. Be2 a5 12. Be3 h6 13. O-O {0-1 (27) Flom,G (2448)-Onischuk,V (2623) Bastia 2017}) 5... Bxf5 6. Nc3 $146 {A41: 1 d4 d6: Tartakower System and Modern Defence} ({Predecessor:} 6. Ne2 Nbd7 7. Ng3 Bg6 8. Nc3 Be7 9. Be2 O-O 10. Be3 c6 {1-0 (29) Clemens,A (2179)-Van der Knaap,J (1911) Groningen 2018}) 6... Nbd7 7. Nge2 c6 8. Ng3 {White is slightly better.} Bg6 9. Be2 Be7 10. O-O O-O 11. Be3 Nb6 12. Qb3 cxd5 13. cxd5 h5 14. Bg5 Ng4 15. Bxg4 (15. Bd2 {keeps more tension.} Nf6 16. f4 h4 17. fxe5 hxg3 18. exf6 Bxf6 19. hxg3 Nd7 20. Qb4) 15... hxg4 16. Be3 Rc8 17. Bxb6 (17. Nb5 $11 Bc2 18. Qb4) 17... Qxb6 $15 18. Qxb6 axb6 19. Rfe1 Rc4 20. Re2 Ra8 21. f3 gxf3 22. gxf3 Ra5 23. Nge4 b5 {[%cal Bb6b5,Bb5b4][%mdl 32]} 24. b3 {[#]} Rd4 $1 25. a4 {[#]} b4 $1 {[%cal Rb4c3]} 26. Nb5 Rxd5 27. Rc1 Rd3 28. Rc7 Bf8 29. Rg2 (29. Kf2 $142) 29... Bxe4 $1 $17 30. fxe4 Rxb3 {Threatens to win with ...Rb1+.} 31. h4 (31. Rf2 $17 Ra8 32. Rxb7) 31... Rxa4 $19 32. Kh2 $2 (32. Rf2 Ra8 33. Kg2) 32... Rf3 33. Nxd6 $2 (33. Rb2) 33... Bxd6 34. Rcxg7+ Kf8 {Accuracy: White = 35%, Black = 76%.} 0-1

[Event "NOR-ch Elite 2019"]
[Site "Larvik"]
[Date "2019.07.13"]
[Round "9.9"]
[White "Mikalsen, Erlend"]
[Black "Vestby-Ellingsen, Mads"]
[Result "0-1"]
[WhiteElo "2404"]
[BlackElo "2335"]
[Annotator "TA"]
[PlyCount "116"]
[EventDate "2019.07.05"]
[EventType "swiss"]
[EventCountry "NOR"]
[SourceTitle "playchess.com"]
[Source "ChessBase"]
[SourceQuality "1"]

{[%evp 18,116,17,22,71,4,26,15,43,41,36,44,54,54,58,47,79,47,73,78,89,74,76,75,71,34,52,41,47,25,57,0,43,7,54,-60,-57,-50,-29,-28,-20,-52,-40,-130,-57,-126,-113,-209,-111,-150,-138,-239,-97,-108,0,0,0,-151,-153,-153,-168,-176,-171,-202,-202,-248,-275,-266,-237,-290,-211,-262,-242,-331,-325,-315,-325,-650,-308,-555,-543,-643,-657,-639,-611,-1363,-1259,-1387,-1387,-1349,-1342,-1387,-1387,-1283,-1137,-5030,-4930,-29972,-4602,-29988,-29989]} 1. e4 c5 2. Nf3 e6 3. d4 cxd4 4. Nxd4 Nc6 5. Nc3 Qc7 6. g3 a6 7. Bg2 d6 8. O-O Nf6 9. Re1 Nxd4 10. Qxd4 Be7 {B80: Sicilian Scheveningen: 6 g3 and 6 Be3, including English Attack} (10... e5 11. Qd3 Be7 12. Nd1 O-O 13. Ne3 Be6 14. b3 b5 15. Bd2 Rac8 16. a4 Ng4 17. axb5 axb5 18. Rec1 Nxe3 19. Bxe3 Rb8 {½-½ (93) Vallejo Pons,F (2705)-Miezis,N (2547) Porto Carras 2011}) 11. Na4 $146 (11. e5 $16 dxe5 12. Rxe5) ({Predecessor:} 11. e5 dxe5 12. Qxe5 Bd6 13. Qe2 O-O 14. Bg5 Be7 15. Bf4 Bd6 16. Bg5 Be7 17. Bf4 Bd6 18. Bxd6 Qxd6 {1-0 (76) Jovanovic,Z (2526)-Izsak,G (2430) Hungary 2017}) 11... Rb8 12. Nb6 e5 {The position is equal.} 13. Qa4+ Bd7 14. Nxd7 Qxd7 15. Qxd7+ Nxd7 16. Be3 O-O 17. Red1 Rfd8 18. a4 Rbc8 19. Rd2 g6 20. h4 Rc6 21. b3 Nc5 22. Rad1 Kg7 23. f4 Re8 24. h5 (24. f5 $14) 24... Rc7 25. f5 g5 26. Rxd6 ({White should play} 26. g4 $14) 26... Bxd6 $15 {[#]} 27. h6+ $1 {[%mdl 576] Decoy} Kxh6 28. Rxd6+ Kg7 29. Bxg5 Rd7 30. Rh6 (30. Bh6+ $15 Kg8 31. Rd5 Rxd5 32. exd5) 30... Rd4 (30... Rd1+ $1 $17 31. Kf2 Rc8) 31. f6+ (31. Bf3 $15) 31... Kg8 $17 32. Rh4 (32. Be3 $17 Rd1+ 33. Kf2) 32... Nd7 ({Better is} 32... Rc8 $19 33. Be3 Rd1+ 34. Bf1 Ne6) 33. Bf1 Rd6 34. Rh6 (34. Rg4 $17) 34... Ree6 (34... Rc8 $1 $19 {has better winning chances.} 35. c4 Rb6) 35. Bc4 Rxf6 (35... Rd1+ $17 36. Kf2 Rc6) 36. Bxf6 $11 Nxf6 $17 {[%mdl 4096] Endgame KRB-KRN} 37. Rh4 $2 {[#]} (37. Bd3 $1 $11) 37... Rd1+ $1 38. Kf2 Rd2+ 39. Ke3 Rxc2 40. Rh1 Rc3+ 41. Bd3 Rxb3 42. Rc1 Rb2 43. Rc7 Ng4+ 44. Kf3 h5 {[%csl Gg4][%cal Rb2f2]} 45. Be2 Kg7 46. a5 Kg6 47. Rd7 $2 (47. Rc8) 47... f6 (47... f5 $142 {Hoping for ...fxe4+.} 48. exf5+ Kxf5 49. Rf7+ Kg6) 48. Rd6 $2 (48. Rc7) 48... Kg5 $19 49. Rb6 Ra2 50. Rxb7 {If only White now had time for Rg7+....} f5 51. Rg7+ {[#]} Kh6 $1 {( -> ...fxe4+)} 52. Ra7 fxe4+ {[%mdl 64] Overworked Piece} 53. Kxe4 Rxe2+ {KRN-KR} 54. Kd5 e4 55. Rxa6+ Kg5 56. Ra8 e3 57. a6 Ra2 (57... Rd2+ $142 58. Kc5 e2 59. Re8 {[#]} Rd5+ $1 {[%mdl 512]} 60. Kc4 Re5 61. Rg8+ Kh6 62. Rh8+ Kg7 63. a7 e1=Q 64. Rg8+ Kh7 65. Rh8+ {[%mdl 64] Decoy} Kxh8 66. a8=Q+ Re8 67. Qxe8+ Qxe8 68. Kc5 Qe5+ {[%mdl 64] Double Attack} 69. Kc4 Ne3+ 70. Kd3 Kg7 71. Ke2 Qd4 72. Kf3 Ng4 73. Ke2 Kg6 74. Kf3 Qe3+ 75. Kg2 Qf2+ 76. Kh3 Qh2#) 58. a7 Nf6+ {Accuracy: White = 17%, Black = 41%.} 0-1